Normal view
MARC view
- Relación maestro-estudiante
Entry Materia
Number of records used in: 539
001 - NÚMERO DE CONTROL DEL REGISTRO
- campo de control: 4168
003 - IDENTIFICADOR DE NUMERO DE CONTROL
- campo de control: UPN
005 - FECHA Y HORA DE LA ÚLTIMA TRANSACCIÓN
- campo de control: 20230208150959.0
008 - DATOS DE LONGITUD FIJA
- campo de control de longitud fija: 230208n||acnnnbabn a ana |d
035 ## - NÚMERO DE CONTROL DEL SISTEMA
- Número de control del sistema: UPN10000004168
040 ## - FUENTE DE LA CATALOGACIÓN
- Centro catalogador de origen: UPN
- Lengua de catalogación: spa
- Agencia de transcripción: UPN
046 ## - FECHAS CON CODIFICACIÓN ESPECIAL
- Fecha final para contenidos agregados: 2023
150 ## - ENCABEZAMIENTO - TEMÁTICO
- Término de materia o nombre geográfico como elemento inicial: Relación maestro-estudiante
450 ## - VÉASE - MATERIA
- Encabezamiento temático: Relación estudiante-profesor
450 ## - VÉASE - MATERIA
- Encabezamiento temático: Relación maestro-alumno
450 ## - VÉASE - MATERIA
- Encabezamiento temático: Relaciones maestro-estudiante
450 ## - VÉASE - MATERIA
- Encabezamiento temático: Relaciones maestro-alumno
450 ## - VÉASE - MATERIA
- Encabezamiento temático: Relaciones estudiante-profesor
670 ## - FUENTE EN LA QUE SE LOCALIZARON DATOS
- Cita de la fuente: LC
- Información localizada: Teacher-student relationship
902 ## - CATALOGADOR
- Catalogador: CAA/120606
